I Spy... on Game of Thrones: Quiz Stats

 Plays Quiz Updated May 20, 2019

Score 0/24 Timer 08:00
5 Plays Today
% Correct
Kraken, Euron Grayjoy
88.6%
Iron Throne, Red Keep
85.7%
The Seven, in Great Sept of Baelor
85.5%
Ned Stark, inside Winterfell Crypt
84.7%
Shireen's carved Stag, at pyre
83.5%
Horse Gate, Vaes Dothrak
82.2%
Titan’s Daughter, Ternesio Terys
80.2%
Dragon, Daenerys' Fleet ship
79.9%
Titan, City of Braavos
78.8%
Heart Tree, North of the Wall
75.2%
Direwolves, outside Winterfell Crypt
74.5%
Dragon, Dragonstone Cliffs
73%
% Correct
Dragons, Dragonstone entrance
73%
Lion & Goat, House of Black & White
72.1%
Kraken, Great Hall, Pyke Castle
71.7%
Painted Table, Dragonstone
69.3%
Horse, Harrenhal
68.5%
The Hightower, Oldtown
68%
Great Pyramid Harpy, Meereen
66.3%
Gladiator, Daznak’s Pit
64.5%
Great Harpy, Astapor
63.4%
Harpy, Yunkai
63.3%
Water Garden Fountain, Dorne
62%
Statue of Baelor outside Great Sept
60.4%

You're not logged in!

Compare scores with friends on all Sporcle quizzes.
OR
Log In

Sporcle TV

Today on Sporcle TV


Watch our educational content, quiz creation guides, and fun videos on Sporcle TV.

Show Comments

Extras

Top Quizzes Today


Score Distribution

Your Account Isn't Verified!

In order to create a playlist on Sporcle, you need to verify the email address you used during registration. Go to your Sporcle Settings to finish the process.

Report this User

Report this user for behavior that violates our Community Guidelines.

Details: